Places That End in 'X' - Statistics

General Stats
  • This quiz has been taken 45 times
  • The average score is 5 of 10
Answer Stats
Hint Answer % Correct
Capital of Arizona Phoenix
90%
Borough of New York City the Bronx
90%
Capital of Nova Scotia Halifax
83%
Capital of Nouvelle-Aquitaine Bordeaux
50%
Site of a famous tapestry in France Bayeux
43%
Site of the first Winter Olympics Chamonix
43%
Anglo-Saxon kingdom ruled by Alfred Wessex
43%
Major port city in Tunisia Sfax
33%
Part of the US Virgin Islands St. Croix
23%
Resort town on Lake Geneva Montreux
13%
No matching quizzes found
Score Distribution
Percent of People with Each Score
Percentile by Number Answered
Your Score History
You have not taken this quiz